• 首页
  • 本馆介绍
  • 公告通知
  • 最新文献
  • 馆藏检索
  • 电子资源
  • 读者导购
  • 参考咨询
  • 我的图书馆
  • 登录
  • 详细信息显示
  • 放入我的书架
  • 预约/预借图书
  • 作者相关作品
  • 分类相关作品
  • 丛书相关作品
  • 出版社相关作品

书目信息

  • 表格格式
  • 工作单格式
  • 卡片格式
书名: New China's first quarter-century
作者:
分册号:
分册名:
出版地: Peking :
 
出版社: Foreign Languages Press
出版时间: 1975.
页数: 209 p. :
开本: 20020930
丛书名:
中图分类号:
科图分类号:
其他分类号: F123
主题词:
电子资源:
000 00535nam 2200181 a 4500
001 E0754118915
005 20070306150529.59
008 uu
040    @aNLC
049    @aN5LA
090    @a2/K27/NC//////////////671935/671936/ cop.2/671937/ cop.3/645081/ cop.4
090    @aF123
096    @aK27 @v2
099    @dF123@ex2
245 00 @aNew China's first quarter-century
260    @aPeking :@bForeign Languages Press,@c1975.
300    @a209 p. :@b00 ;@c20020930@lNLC09@h2246@lNLC09@h2304@lNLC09@h1855
852 9  @bWWJC @cJ08S @k2 @hK27 @iNC
    
    New China's first quarter-century.-Peking : : Foreign Languages Press, , 1975.
    209 p. : : 00 ; ; 20020930
    
    
    ISBN
    
●
相关链接 在E读中查询图书 在五车中查询图书 在当当中查询图书 在豆瓣中查询图书


正题名:New China's first quarter-century     索取号:F123/x2         预约/预借

序号 登录号 条形码 馆藏地/架位号 状态 备注
1 0000266   300002663   第四借阅区/ [索取号:F123/x2] 在馆    
唐山师范学院图书馆 欢迎您!
大连网信软件有限公司© 版权所有